000 00658cam a2200205 4500500
005 20260405002015.0
041 _afre
042 _adc
100 1 0 _aEltchaninoff, Michel
_eauthor
245 0 0 _aD’Antigone à Hunger Games. Les choix dont vous êtes le héros
260 _c2015.
500 _a40
690 _aAntigone
690 _aDom Juan
690 _aFrédérique Leichter-Flack
690 _aKatniss Everdeen
690 _aMichael Corleone
786 0 _nPhilosophie magazine | 91 | 8 | 2015-07-01 | p. 24-27 | 1951-1787
856 4 1 _uhttps://shs.cairn.info/magazine-philosophie-magazine-2015-8-page-24?lang=fr&redirect-ssocas=7080
999 _c2053246
_d2053246